| 000 | 02320nam a22003017a 4500 | ||
|---|---|---|---|
| 005 | 2011080105255.0 | ||
| 010 | _aB-435943-947 | ||
| 020 |
_a8182631262 _c20.00 |
||
| 035 | _aB-435943-947 | ||
| 037 | _bब्ल्यूबेरी बुक्स | ||
| 082 | _aक | ||
| 100 |
_aदेशपांडे, जयश्री _931250 |
||
| 245 |
_aस्वाद अनार का / _cजयश्री देशपांडे; केडिलाया द्वारा चित्रांकित; के. विजया द्वारा हिन्दी अनुवाद |
||
| 246 |
_aSwad Anaar ka _bby Jayashree Despande |
||
| 250 | _a2रा हिन्दी संस्क. | ||
| 260 |
_aनई दिल्ली _bप्रथम बुक्स _c2009 |
||
| 270 |
_a633-634, 4th "C" Main, 6th 'B' Cross, OMBR Layout, Banaswadi, _bBangalore _e560043 _k+91 11 41042483 |
||
| 300 |
_a24पृ. _bसचित्र _c14x20 सेमी (अजिल्द) |
||
| 700 |
_928835 _aकेडिलाया |
||
| 700 |
_928836 _aविजया, के. |
||
| 942 |
_2ddc _cCH _hक _mदेशपां |
||
| 999 |
_c54579 _d54579 |
||